00532nmm a2200193Ia 4500008004100000020001800041041000800059100001900067245004100086264004800127300001800175490001400193650001300207700001900220700002500239856005000264942000700314999001700321251105s9999||||xx |||||||||||||||||und|| a9788486639112 aspa aLuque, Bartolo 0aMarte y vida :b Ciencia y Ficción a[Madrid, España] :bEquipo Sirius, c2004 a233 páginas aMillenium aSciences aLuque, Bartolo1 a Márquez, Álvaro uhttps://public.digitaliapublishing.com/a/6230 cCF c68093d68093